| 000 | 00947nam a2200253Ia 4500 | ||
|---|---|---|---|
| 003 | OSt | ||
| 005 | 20220923211151.0 | ||
| 006 | a|||||r|||| 00| 0 | ||
| 007 | ta | ||
| 008 | Pun | ||
| 020 |
_a8187654112 (hbk) _c740 |
||
| 024 | _a328,396 | ||
| 037 |
_bSP/5382, 17/03/2018, Star Publications (Pvt.) Ltd. _cTextual |
||
| 040 |
_aARTS _cARTS _bPun |
||
| 041 |
_2Pun _aPun |
||
| 082 | _aV2:51.N5, 153Q7 | ||
| 100 |
_aਲਿੱਟ, ਹਰਬੰਸ ਸਿੰਘ, ਂਚ. _9159022 |
||
| 245 | 0 | _aਫ਼ਦਰ ਲਹਿਰ* ਰਾਜਨੀਤਕ, ਇਤਿਹਾਸਕ ਤੇ ਸਾਹਿਤਕ ਅਧਿਐਨ | |
| 260 |
_aਦਿੱਲੀ _b ਮਨਪ੍ਰੀਤ ਪ੍ਰਕਾFਨ _c2017 |
||
| 300 |
_a278ਪ0 _ccm. |
||
| 650 |
_aਇਤਿਹਾਸ _9156320 |
||
| 942 |
_hV2:51.N5, 153Q7 _cTEXL _2CC |
||
| 999 |
_c296232 _d296232 |
||